| 000 | 00380nam a2200157Ia 4500 | ||
|---|---|---|---|
| 008 | 230917s9999||||xx |||||||||||||| ||und|| | ||
| 040 |
_e113131 _aMAIN |
||
| 041 | _aEnglish | ||
| 082 | _a005.1 G541O | ||
| 100 | _aOperating Systems | ||
| 245 | 0 | _aGodbola, Achyut, S. | |
| 250 | _a2nd ed. | ||
| 260 |
_aNew Delhi _bTata Mcgraw-Hill |
||
| 300 | _aXXXI p. ; 692p. | ||
| 942 | _cBK | ||
| 999 |
_c142014 _d142014 |
||